01532nam a2200265Ia 4500952010300000952011500103999001700218008004100235020001500276050002300291100003000314240004200344245013100386260005200517300003600569500007600605505033000681519004601011650004901057650005101106650002401157650005201181700002601233942000701259 00102lcc4070a11b11d2007-01-08l0oQA76 H36518 1999p11 005470r2012-06-26t1w2012-06-26yLB 00102lcc4070a11b11d2007-01-08l1oQA76 H36518 1999p11 005471r2014-10-09s2014-10-09t2w2012-06-26yLB c71211d71211120626s1999 sp a 000 0 spa d a8448124979 aQA76 bH36518 1999 aHalvorson, Michaeleautor aRunning microsoft office 2000 premium aGuía completa de Microsoft Office 2000 Premium c/ Michael, Halvorson: Michael, Young; traducción de Microsoft Corporation aEspañab: McGraw- Hill Interamericanac, 1999 a1274 páginasb: ilustraciones aIncluye: Resumen del Contenido, Agradecimientos, Introducción, Indice aPrimeros pasos con Microsoft Office Microsoft Word Microsoft Excel Microsoft Powerpoint Microsoft Access Microsoft Outlook Microsoft Publisher Microsoft Frontpage Herramientas de Microsoft para la PYME Integración de las aplicaciones de Microsoft Office Uso de Visual Basic para sobrealimentar Office  aMaterial Complementario/ d(11 005472)  0aMICROSOFT WORD (PROGRAMA DE COMPUTADORA)  0aMICROSOFT EXCEL (PROGRAMA PARA COMPUTADORA)  0aMICROSOFT PUBLISHER 0aOFFICE DE MICROSOFT (PROGRAMA PARA COMPUTADORA) aYoung, Michaeleautor cLB